|
|
|
|
| LEADER |
00000cam a2200000 a 4500 |
| 001 |
vtls001091530 |
| 003 |
SK-MaSNL |
| 005 |
20260301151231.0 |
| 008 |
240517s1983 xo a frnp 00000 slo |
| 015 |
|
|
|a SNBA1983/06
|
| 035 |
|
|
|a SNK000034372
|
| 040 |
|
|
|a SNK
|b slo
|c SNK
|e AACR2
|
| 041 |
0 |
|
|a slo
|
| 044 |
|
|
|a xo
|c SK
|
| 080 |
|
|
|a 631.3:633(075.8)
|2 1981
|
| 080 |
|
|
|a 633(075.8)
|2 1981
|
| 080 |
|
|
|a 633
|2 1981
|
| 080 |
|
|
|a 631.3(075.8)
|2 1981
|
| 100 |
1 |
|
|a Ďuriš, Marko
|4 aut
|9 355688
|
| 245 |
1 |
0 |
|a Využitie strojov v rastlinnej výrobe
|n 1
|b prednášky
|c Marko Ďuriš, Miroslav Špelina
|
| 250 |
|
|
|a 3. nepreprac. vyd.
|
| 260 |
|
|
|a Nitra
|b Vysoká škola poľnohospodárska
|c 1983
|e Nitra
|f Edičné stredisko VŠP
|
| 300 |
|
|
|a 192 s.
|b tab., sch.
|c 29 cm
|
| 366 |
|
|
|e 5000 výtl.
|
| 490 |
1 |
|
|a Vysokoškolské učebné texty
|
| 650 |
0 |
7 |
|a rastlinná výroba
|2 SNKPH
|9 2835
|
| 650 |
0 |
7 |
|a mechanizácia poľnohospodárstva
|2 SNKPH
|9 27292
|
| 650 |
0 |
7 |
|a poľnohospodárske stroje
|2 SNKPH
|9 3574
|
| 655 |
|
7 |
|a učebnice vysokých škôl
|2 SNKPH
|9 70191
|
| 700 |
1 |
|
|a Špelina, Miroslav,
|b 1931-
|4 aut
|9 99447
|
| 830 |
|
0 |
|a Vysokoškolské učebné texty
|9 276539
|
| 852 |
|
|
|a Slovenská národná knižnica
|
| 954 |
|
|
|a odborná, vedecká literatúra pôvodná (slovenská)
|2 lita
|
| 958 |
|
|
|a OND
|
| 958 |
|
|
|a RM
|
| 958 |
|
|
|a UV
|
| 999 |
|
|
|c 786010
|d 787940
|
| 952 |
|
|
|a SNK
|b SNK
|y PREZ
|7 0
|p 17A0781925
|o snkSB 35514/1
|0 0
|1 0
|4 0
|d 2012-03-15
|f 1
|l 0
|r 2025-04-11 00:00:00
|w 2026-02-24
|
| 952 |
|
|
|t P60, <04>, [BOOK], {604}
|a SNK
|b SNK
|y VYP
|7 0
|p 17A0238526
|o snkSB 35514/1 D1
|0 0
|1 0
|4 0
|d 2000-05-16
|l 0
|r 2004-12-31 00:00:00
|w 2026-02-24
|